• 首页
  • 本馆介绍
  • 公告通知
  • 最新文献
  • 馆藏检索
  • 电子资源
  • 读者导购
  • 参考咨询
  • 我的图书馆
  • 登录
  • 详细信息显示
  • 放入我的书架
  • 预约/预借图书
  • 作者相关作品
  • 分类相关作品
  • 丛书相关作品
  • 出版社相关作品

书目信息

  • 表格格式
  • 工作单格式
  • 卡片格式
题名:
天王之印
    
 
作者: 孙文圣 著
分册:  
出版信息: 北京   中国文联出版社  2004
页数: 1册
开本: 20cm
丛书名: 黑森林奇幻小说系列
单 册:
中图分类: I286.4
科图分类:
主题词: 中篇小说--作品集--中国--当代 , 儿童文学--中国 , 儿童文学--中国--丛书
电子资源:
ISBN: 7-5059-4650-1
000 00831nam0 2200277 450
001 TS2006005858
005 20070118164156.89
010    @a7-5059-4650-1@dCNY15.00
092    @aCN@bTS01-006199
100    @a20060829d2004 cd y0chiy0110 ea
101 0  @achi
102    @aCN@b110000
105    @aa z 000ay
200 1  @a天王之印@ATian Wang Zhi Yin@a秦时明月@AQin Shi Ming Yue@f孙文圣著@FSun Wen Sheng Zhu
210    @a北京@c中国文联出版社@d2004
215    @a1册@c图@d20cm
225 2  @a黑森林奇幻小说系列
410  0 @12001 @a黑森林奇幻小说系列
517 1  @a秦时明月@Aqin shi ming yue
606 0  @a中篇小说@x作品集@y中国@z当代
606 0  @a儿童文学@x中国
606 0  @a儿童文学@x中国@x丛书
690    @aI286.4@v4
701  0 @a孙文圣@ASun Wen Sheng@4著
801  0 @aCN@b中图数据@c20070118
905    @a10447@dI286.4@e54
    
    天王之印;秦时明月/孙文圣著.-北京:中国文联出版社,2004
    1册:图;20cm.-(黑森林奇幻小说系列)
    
    
    ISBN 7-5059-4650-1:CNY15.00
    
●
相关链接 在E读中查询图书 在五车中查询图书 在当当中查询图书 在豆瓣中查询图书


正题名:天王之印     索取号:I286.4/54         预约/预借

序号 登录号 条形码 馆藏地/架位号 状态 备注
1 0617640   206176403   第一样本阅览室/ [索取号:I286.4/54] 在馆    
2 0617641   206176412   第二借阅区/ [索取号:I286.4/54] 在馆    
3 0617642   206176421   第二借阅区/ [索取号:I286.4/54] 在馆    
4 0617643   206176430   第二借阅区/ [索取号:I286.4/54] 在馆    
5 0617644   206176449   第二借阅区/ [索取号:I286.4/54] 在馆    
6 0617645   206176458   第二借阅区/ [索取号:I286.4/54] 在馆    
唐山师范学院图书馆 欢迎您!
大连网信软件有限公司© 版权所有